LEADER 01429nam--2200409---450- 001 990001644340203316 005 20090820124336.0 010 $a88-14-10635-5 035 $a000164434 035 $aUSA01000164434 035 $a(ALEPH)000164434USA01 035 $a000164434 100 $a20040510d2003----km-y0itaa50------ba 101 it$aita 102 IT$aIT 200 1 $a<> gestione informatica degli archivi$eprotocollo, flussi informatici$eguida operativa per l'attuazione concreta del D.P.R. 445/2000$eproblemi e casi pratici$fLuigi Olivieri 210 $aMilano$cGiuffrè$dcopyr. 2003 215 $aXIV, 223 p.$d24 cm 225 $aCosa & come$iEnti locali$v120 410 $12001$aCosa & come$iEnti locali$v120 606 $aEnti locali$xServizi$xAutomazione 676 $a342.4506620285 700 1$aOLIVIERI,$bLuigi$01508 801 0$aIT$bsalbc$gISBD 912 $a990001644340203316 951 $a352.387 OLI 1 (IV IV 1553)$b40073 G.$c(IG IV)$d00132923 959 $aBK 969 $aGIU 979 $aMARIA$b10$c20040510$lUSA01$h1040 979 $aVITALE$b90$c20040708$lUSA01$h1814 979 $aVITALE$b90$c20040708$lUSA01$h1815 979 $aVITALE$b90$c20040708$lUSA01$h1827 979 $aVITALE$b90$c20040709$lUSA01$h1318 979 $aPATRY$b90$c20061016$lUSA01$h1638 979 $aRSIAV5$b90$c20090820$lUSA01$h1243 996 $aGestione informatica degli archivi$9943020 997 $aUNISA LEADER 02418nam0 22003373i 450 001 MOD1598656 005 20251003044241.0 010 $a9788856845037 100 $a20120716d2011 ||||0itac50 ba 101 | $aita 102 $ait 181 1$6z01$ai $bxxxe 182 1$6z01$an 200 1 $aAcquisizioni nei settori ad alta intensità di conoscenza$eun'analisi interpretativa basata su casi di successo$fAngelo Riviezzo, Maria Rosaria Napolitano, Giulio Maggiore$gprefazione di Maurizio Zollo 210 $aMilano$cFranco Angeli$d2011 215 $a241 p.$cill.$d23 cm 225 | $aPubblicazioni DASES$fDipartimento di analisi dei sistemi economici e sociali, Università degli studi del Sannio$v60 410 0$1001CFI0548937$12001 $aPubblicazioni DASES$fDipartimento di analisi dei sistemi economici e sociali, Università degli studi del Sannio$v60$171201$aUniversità degli studi del Sannio$b : Dipartimento di analisi dei sistemi economici e sociali$3CFIV201292 676 $a338.83$9FUSIONI DI IMPRESE$v22 700 1$aRiviezzo$b, Angelo$3CFIV075519$0477252 701 1$aNapolitano$b, Maria Rosaria$3CFIV120328$0117091 701 1$aMaggiore$b, Giulio$3NAPV112175$0326056 801 3$aIT$bIT-000000$c20120716 850 $aIT-BN0095 901 $bNAP 01$cPOZZO LIB.$nVi sono collocati fondi di economia, periodici di ingegneria e scienze, periodici di economia e statistica e altri fondi comprendenti documenti di economia pervenuti in dono. 901 $bNAP 01$cBCA $nComprende monografie e periodici di diritto, testi di ingegneria, di scienze e tecnologia di nuova acquisizione. 912 $aMOD1598656 950 0$aBiblioteca Centralizzata di Ateneo$c1 v. in tre copie$d 01POZZO LIB.ECON MON 2987$e 0101 0006008265E VMA (bis 1 v. (2 copia)$fB $h20210405$i20210405$c1 v. in tre copie$d 01POZZO LIB.ECON MON 2987$e 0101 0006008275E VMA (ter 1 v. (3 copia)$fB $h20210405$i20210405$c1 v. in tre copie$d 01POZZO LIB.ECON MON 2987$e 0101 0006008285E VMA 1 v. (Precedente collocazione: DASES B 1 60 (1) )$fB $h20210405$i20210405$c1 v.$d 01BCA SC. SOCIAL 541$e 01 0000133775 VMA 1 v.$fA $h20240530$i20240620 977 $a 01 996 $aAcquisizioni nei settori ad alta intensità di conoscenza$91524224 997 $aUNISANNIO